Najmniejsze państwa świata - Statystyki

Ogólne statystyki
  • Ten quiz został rozwiązany 51 razy
  • Średni wynik to 6 z 10
Statystyki odpowiedzi
Hint Odpowiedź % Poprawnych
0.44 km2 Watykan
100%
61 km2 San marino
84%
1.98 km2 Monako
78%
160 km2 Liechtenstein
71%
316 km2 Malta
59%
21 km2 Nauru
45%
26 km2 Tuvalu
45%
261 km2 Saint kitts i nevis
43%
298 km2 Malediwy
27%
181 km2 Wyspy marshala
6%
Nie znaleziono quizów pasujących do podanych kryteriów
Rozkład punktacji
Procent ludzi z każdym wynikiem
Percentyl według liczby udzielonych odpowiedzi
Twoja historia wyników
Nie rozwiązałeś tego quizu